Ley de elecciones, partidos políticos, reglamentos

Bibliografiske detaljer
Format: Bog
Sprog:Spanish
Fag:

MARC

LEADER 00000cam a2200000 a 4500
001 102373
005 20231109122656.0
008 994012|1993 ||||||||r|||||||||||spa||
020 |a 9978860819 
040 |b spa 
041 1 |a spa 
082 0 |a 342.86 
245 1 1 |a Ley de elecciones, partidos políticos, reglamentos  |c Ecuador  |h imp 
264 |a Quito  |b Corporación de Estudios y Publicaciones  |c 1993 
300 |a 118 páginas:  |c 21 cm 
500 |a actualizada a noviembre de 1993 
650 |a Ley de elecciones  |9 8632 
650 |a Reglamento de la ley de elecciones  |9 41740 
650 0 |a Colombia: partidos politicos  |9 28775 
650 |a Reglamento de la ley de partidos politicos  |9 41742 
852 |a UC-CDJBV  |c ESTANTERIA CERRADA  |f Compra  |k teresa.torres  |l 1  |m General  |p 19940125  |q 7.000  |r 2  |t 102373  |b 0  |d CDRC  |e CDRC  |g 342.86 ESTANTERIA CERRADA  |z 1994-40-12 
942 |c BK 
999 |c 22622  |d 22622